Formula 2/GP2 Champions - Statistics

General Stats
  • This quiz has been taken 44 times
  • The average score is 13 of 19
Answer Stats
Season Champion Team Country % Correct
2017 Charles Leclerc Prema Racing Monaco
100%
2021 Oscar Piastri Prema Racing Australia
97%
2020 Mick Schumacher Prema Racing Germany
92%
2018 George Russell ART Grand Prix UK
89%
2006 Lewis Hamilton ART Grand Prix UK
89%
2019 Nyck De Vries ART Grand Prix Netherlands
89%
2016 Pierre Gasly Prema Racing France
83%
2005 Nico Rosberg ART Grand Prix Germany
75%
2022 Felipe Drugovich MP Motorsport Brazil
75%
2010 Pastor Maldonado Rapax Venezuela
75%
2023 Théo Pourchaire ART Grand Prix France
75%
2009 Nico Hülkenberg ART Grand Prix Germany
72%
2015 Stoffel Vandoorne ART Grand Prix Belgium
61%
2011 Romain Grosjean DAMS France
47%
2007 Timo Glock iSport International Germany
44%
2014 Jolyon Palmer DAMS UK
39%
2012 Davide Valsecchi DAMS Italy
31%
2013 Fabio Leimer Racing Engineering Switzerland
14%
2008 Giorgio Pantano Racing Engineering Italy
8%
No matching quizzes found
Score Distribution
Percent of People with Each Score
Percentile by Number Answered
Your Score History
You have not taken this quiz